Κατάλογος Βιβλιοθηκών Mediterranean College

ΑΕΡΟΠΟΡΙΚΗ ΜΕΤΑΦΟΡΑ ΕΠΙΒΑΤΩΝ / ΣΥΜΦΩΝΑ ΜΕ ΤΙΣ ΔΙΕΘΝΕΙΣ ΣΥΜΒΑΣΕΙΣ, ΤΟ ΕΘΝΙΚΟ ΚΑΙ ΤΟ ΚΟΙΝΟΤΙΚΟ ΔΙΚΑΙΟ ΑΕΡΟΠΟΡΙΚΩΝ ΜΕΤΑΦΟΡΩΝ (Record no. 7134)

MARC details
000 -LEADER
fixed length control field 00702cam a22001934a 4500
005 - ΗΜΕΡΟΜΗΝΙΑ ΚΑΙ ΩΡΑ ΤΕΛΕΥΤΑΙΑΣ ΕΝΗΜΕΡΩΣΗΣ
Πεδίο ελέγχου 20250605164301.0
008 - FIXED-LENGTH DATA ELEMENTS--GENERAL INFORMATION
Πεδίο ελέγχου σταθερού μήκους 250528s ||||||||||||||||||||||||d
035 ## - SYSTEM CONTROL NUMBER
System control number 22078
020 ## - ISBN
ISBN 9789604455485
040 ## - ΠΗΓΗ ΚΑΤΑΛΟΓΟΓΡΑΦΗΣΗΣ
Φορέας πρωτότυπης καταλογογράφησης MC Athens Campus Library
Γλώσσα καταλογογράφησης Ελληνικά, Μοντέρνα (1453-)
Modifying agency MC Athens Campus Library
Κανόνες περιγραφικής καταλογογράφησης AACR2
245 1# - ΤΙΤΛΟΣ ΚΑΙ ΔΗΛΩΣΗ ΥΠΕΥΘΥΝΟΤΗΤΑΣ
Τίτλος ΑΕΡΟΠΟΡΙΚΗ ΜΕΤΑΦΟΡΑ ΕΠΙΒΑΤΩΝ / ΣΥΜΦΩΝΑ ΜΕ ΤΙΣ ΔΙΕΘΝΕΙΣ ΣΥΜΒΑΣΕΙΣ, ΤΟ ΕΘΝΙΚΟ ΚΑΙ ΤΟ ΚΟΙΝΟΤΙΚΟ ΔΙΚΑΙΟ ΑΕΡΟΠΟΡΙΚΩΝ ΜΕΤΑΦΟΡΩΝ
250 ## - EDITION STATEMENT
Edition statement 2
260 ## - PUBLICATION, DISTRIBUTION, ETC.
Name of publisher, distributor, etc. Σακκουλα,
Date of publication, distribution, etc. 2010
300 ## - PHYSICAL DESCRIPTION
Extent 383
700 1# - ΠΡΟΣΘΕΤΗ ΑΝΑΓΡΑΦΗ--ΦΥΣΙΚΟ ΠΡΟΣΩΠΟ
Personal name Χατζηνικολαου-Αγγελιδου Ρανια
9 (RLIN) 7954
942 ## - ADDED ENTRY ELEMENTS (KOHA)
Koha item type Books
Holdings
Τύπος τεκμηρίου Βιβλιοθήκη Τρέχουσα τοποθεσία Barcode Αριθμός εισαγωγής Ημερομηνία απόκτησης Ταξιθετικό σύμβολο Αριθμός αντιτύπου Κατάσταση απόσυρσης Κατάσταση χαμένου Κατάσταση κατεστραμμένου Μη δανεισμός Σύνολο δανεισμών Ημερομηνία τελευταίας εμφάνισης Η τιμή ισχύει από
Books MC Thessaloniki Campus Library MC Thessaloniki Campus Library 9780000071330 2239 05/06/2025 343.097 ΧΑΤ 1           05/06/2025 05/06/2025

MC Athens Campus Library
Πατησίων 94 & Κοδριγκτώνος 13, 104 34
Πελλήνης 8 & Πατησίων 107, 112 51
Τ: +30 210 8899600

MC Thessaloniki Campus Library
Ίωνος Δραγούμη 21, 54625 | Ίωνος Δραγούμη 15, 54625
Τ: +30 2310 287779 – Τ: +30 2314 440300